[Event "Tournoi francophone 020A"]
[Site "Skype"]
[Date "????.??.??"]
[Round "1.1"]
[White "Jacquelin, Norbert"]
[Black "Deville, Olivier"]
[Result "1/2-1/2"]
[WhiteElo "1708"]
[BlackElo "1740"]
[PlyCount "28"]

1. b3 e5 2. Bb2 Nc6 3. c4 f5 4. e3 Nf6 5. Nf3 d6 6. d3 g6 7. Be2 Bg7 8. Nbd2
O-O 9. O-O Qe8 10. e4 fxe4 11. Nxe4 Nxe4 12. dxe4 Rf4 13. Bc1 Rf8 14. Be3 h6
1/2-1/2

[Event "Tournoi francophone 020A"]
[Site "Skype"]
[Date "????.??.??"]
[Round "1.2"]
[White "Castillo, David"]
[Black "Lambert, Pierre"]
[Result "1-0"]
[WhiteElo "1449"]
[BlackElo "1651"]
[PlyCount "65"]

1. d4 Nf6 2. e3 d5 3. Bd3 e6 4. c3 c5 5. Nd2 Nc6 6. Ngf3 Be7 7. h3 O-O 8. O-O
Qc7 9. Re1 Rd8 10. Bb5 Bd7 11. Bd3 Bd6 12. a3 cxd4 13. cxd4 Rac8 14. Nb3 b6 15.
Bd2 e5 16. dxe5 Nxe5 17. Nxe5 Bxe5 18. Nd4 Ne4 19. Bc1 Qd6 20. Nf3 Bf6 21. Bxe4
Bxh3 22. Bxh7+ Kxh7 23. Qd3+ g6 24. gxh3 Qe6 25. Qf1 Rh8 26. Nd4 Qd7 27. Qg2
Kg7 28. Qg4 Qxg4+ 29. hxg4 Rh4 30. Kf1 Bxd4 31. exd4 Rh1+ 32. Ke2 Re8+ 33. Be3
1-0

[Event "Tournoi francophone 020A"]
[Site "Skype"]
[Date "????.??.??"]
[Round "1.4"]
[White "Rodier, Marc"]
[Black "Khabou, Taha"]
[Result "1-0"]
[WhiteElo "1468"]
[BlackElo "1358"]
[PlyCount "45"]

1. e4 e6 2. d4 d5 3. Nc3 dxe4 4. Nxe4 Bd7 5. Nf3 Bc6 6. Bd3 Nd7 7. c3 Ngf6 8.
Qe2 Bxe4 9. Bxe4 Nxe4 10. Qxe4 c6 11. Bf4 Nf6 12. Qc2 Bd6 13. Ne5 Nh5 14. Be3
Bxe5 15. dxe5 Qd5 16. f4 g6 17. O-O O-O 18. Rfd1 Qc4 19. b3 Qb5 20. c4 Qa5 21.
Rd7 Rab8 22. Rad1 Rfd8 23. b4 1-0

[Event "Tournoi francophone 020A"]
[Site "Skype"]
[Date "????.??.??"]
[Round "1.5"]
[White "Meyer, Eric"]
[Black "Leyton Calderon, Jairo Oswaldo"]
[Result "1-0"]
[WhiteElo "1699"]
[BlackElo "1541"]
[PlyCount "33"]

1. d4 d5 2. Bf4 c6 3. Nf3 Nf6 4. e3 Bf5 5. c4 e6 6. Nc3 Bd6 7. Bg3 O-O 8. Qb3
Na6 9. a3 Rb8 10. Be2 Qe7 11. Ne5 Ne4 12. Nxe4 Bxe4 13. c5 Bxe5 14. Bxe5 Rbd8
15. Bd6 Rxd6 16. cxd6 Qxd6 17. f3 1-0

[Event "Tournoi francophone 020A"]
[Site "Skype"]
[Date "????.??.??"]
[Round "2.1"]
[White "Deville, Olivier"]
[Black "Leyton Calderon, Jairo Oswaldo"]
[Result "1/2-1/2"]
[WhiteElo "1740"]
[BlackElo "1541"]
[PlyCount "36"]

1. Nf3 d5 2. e3 Nf6 3. c4 c6 4. b3 g6 5. Bb2 Bg7 6. Be2 O-O 7. O-O Nbd7 8. d3
Re8 9. Nbd2 Qc7 10. Rc1 e5 11. cxd5 Nxd5 12. Nc4 e4 13. dxe4 Bxb2 14. Nxb2 N5f6
15. Nd2 Nxe4 16. Nxe4 Rxe4 17. Bf3 Re8 18. Nc4 Ne5 1/2-1/2

[Event "Tournoi francophone 020A"]
[Site "Skype"]
[Date "????.??.??"]
[Round "2.2"]
[White "Khabou, Taha"]
[Black "Meyer, Eric"]
[Result "0-1"]
[WhiteElo "1358"]
[BlackElo "1699"]
[PlyCount "34"]

1. d4 Nf6 2. Bf4 d6 3. e3 g6 4. Bd3 Bg7 5. h3 Nbd7 6. Nf3 O-O 7. c3 Re8 8. Bc2
b6 9. a4 Bb7 10. Nbd2 e5 11. dxe5 dxe5 12. Bg5 e4 13. Nd4 Nc5 14. N2b3 Qe7 15.
O-O Rad8 16. Qe2 Nd3 17. Nc5 bxc5 0-1

[Event "Tournoi francophone 020A"]
[Site "Skype"]
[Date "????.??.??"]
[Round "2.3"]
[White "Rochette, Mathieu"]
[Black "Rodier, Marc"]
[Result "0-1"]
[WhiteElo "1626"]
[BlackElo "1468"]
[PlyCount "41"]

1. e4 c5 2. Nf3 Nc6 3. d4 cxd4 4. Nxd4 Nf6 5. Nc3 e5 6. Nf5 d5 7. Nxd5 Nxe4 8.
Nfe3 Bc5 9. Bc4 O-O 10. Qf3 Nf6 11. O-O Nxd5 12. Bxd5 Qc7 13. c3 Ne7 14. Bb3
Ng6 15. Rd1 Bd7 16. Nd5 Qc6 17. Bg5 Be6 18. Nf6+ gxf6 19. Qxc6 bxc6 20. Bxe6
fxe6 21. Bxf6 0-1

[Event "Tournoi francophone 020A"]
[Site "Skype"]
[Date "????.??.??"]
[Round "2.5"]
[White "Jacquelin, Norbert"]
[Black "Castillo, David"]
[Result "1-0"]
[WhiteElo "1708"]
[BlackElo "1449"]
[PlyCount "67"]

1. b3 f5 2. Bb2 Nf6 3. c4 e6 4. e3 c6 5. Nf3 d5 6. Qc2 g6 7. Be2 Be7 8. O-O O-O
9. Qc3 Nbd7 10. Na3 Nc5 11. d3 Qc7 12. Rad1 a6 13. Nb1 Ncd7 14. cxd5 exd5 15.
Nbd2 Bd6 16. e4 Re8 17. Rde1 Ne5 18. h3 Qe7 19. Bd1 Nxf3+ 20. Bxf3 Be5 21. d4
Bc7 22. exd5 Qxe1 23. Rxe1 Rxe1+ 24. Nf1 Bh2+ 25. Kxh2 Rxf1 26. dxc6 b5 27. d5
Rxf2 28. Qxf6 Rxb2 29. Qxb2 Ra7 30. d6 Be6 31. d7 Bxd7 32. cxd7 Rxd7 33. Qf6
Ra7 34. Bd5+ 1-0

[Event "Tournoi francophone 020A"]
[Site "Skype"]
[Date "????.??.??"]
[Round "3.1"]
[White "Castillo, David"]
[Black "Deville, Olivier"]
[Result "0-1"]
[WhiteElo "1449"]
[BlackElo "1740"]
[PlyCount "96"]

1. d4 g6 2. Nf3 Bg7 3. c3 d6 4. e4 Nf6 5. Bd3 c5 6. e5 dxe5 7. dxe5 Ng4 8. Bf4
Nc6 9. Qe2 Qc7 10. Bb5 Bd7 11. Bxc6 Bxc6 12. Nbd2 O-O 13. h3 Nh6 14. Qe3 Bxf3
15. Nxf3 Nf5 16. Qe4 e6 17. g4 Ne7 18. c4 Rad8 19. O-O h6 20. h4 Nc6 21. Rfd1
Qb6 22. Qc2 Nd4 23. Nxd4 Rxd4 24. Rxd4 cxd4 25. Rd1 Rd8 26. Rd3 Qc5 27. Qe2
Qxc4 28. b3 Qd5 29. g5 h5 30. f3 Bf8 31. Qe4 Qxe4 32. fxe4 Rc8 33. Kf2 Rc2+ 34.
Rd2 Rxd2+ 35. Bxd2 Bc5 36. Ke2 d3+ 37. Ke1 Bd4 38. Bf4 Kf8 39. Kd2 Bf2 40. Kxd3
Bxh4 41. Kc4 Bf2 42. a4 h4 43. Kd3 Bg3 44. Bxg3 hxg3 45. Ke3 Ke8 46. Kf3 Kd7
47. Kxg3 Kc6 48. b4 a5 0-1

[Event "Tournoi francophone 020A"]
[Site "Skype"]
[Date "????.??.??"]
[Round "3.3"]
[White "Rodier, Marc"]
[Black "Lambert, Pierre"]
[Result "0-1"]
[WhiteElo "1468"]
[BlackElo "1651"]
[PlyCount "78"]

1. e4 c5 2. Nf3 Nc6 3. d4 cxd4 4. Nxd4 e5 5. Nb5 d6 6. N1c3 a6 7. Na3 b5 8. Nd5
Nf6 9. Bg5 Qa5+ 10. Bd2 Qd8 11. Bg5 Be6 12. Bxf6 gxf6 13. c3 Rb8 14. b4 Rg8 15.
Nc2 f5 16. exf5 Bxf5 17. Nce3 Be6 18. g3 Bg7 19. Rc1 Ne7 20. Nxe7 Qxe7 21. a3
Bh6 22. Qh5 Qg5 23. Qxg5 Bxg5 24. c4 Rc8 25. Kd1 Bxe3 26. fxe3 bxc4 27. Rc3 Ke7
28. Kd2 d5 29. Bg2 d4 30. exd4 exd4 31. Rcc1 Rgd8 32. Rhe1 Kd6 33. Be4 h6 34.
a4 Rc7 35. b5 axb5 36. axb5 Rb8 37. Rb1 Rb6 38. Bc6 Bd5 39. Bxd5 Kxd5 0-1

[Event "Tournoi francophone 020A"]
[Site "Skype"]
[Date "????.??.??"]
[Round "3.4"]
[White "Meyer, Eric"]
[Black "Rochette, Mathieu"]
[Result "1-0"]
[WhiteElo "1699"]
[BlackElo "1626"]
[PlyCount "61"]

1. d4 Nf6 2. Nf3 e6 3. Bg5 Be7 4. e3 b6 5. Bd3 Bb7 6. Nbd2 h6 7. Bxf6 Bxf6 8.
e4 d6 9. O-O Nd7 10. Qe2 O-O 11. Rad1 e5 12. dxe5 Nxe5 13. Nxe5 Bxe5 14. c3 Re8
15. f4 Bf6 16. Qh5 Be7 17. Nf3 Bf8 18. e5 g6 19. Qg4 Bxf3 20. Qxf3 Qe7 21. Bb5
Red8 22. exd6 cxd6 23. Bc6 Rac8 24. Bd5 Rc5 25. f5 g5 26. f6 Qc7 27. Rfe1 Qd7
28. Qh5 Re8 29. Rxe8 Qxe8 30. Qg6+ Kh8 31. Bxf7 1-0

[Event "Tournoi francophone 020A"]
[Site "Skype"]
[Date "????.??.??"]
[Round "3.5"]
[White "Leyton Calderon, Jairo Oswaldo"]
[Black "Khabou, Taha"]
[Result "1/2-1/2"]
[WhiteElo "1541"]
[BlackElo "1358"]
[PlyCount "34"]

1. e4 e6 2. d4 d5 3. Nd2 dxe4 4. Nxe4 Bd7 5. Nf3 Bc6 6. Bd3 Nd7 7. Ne5 Bxe4 8.
Bxe4 Nxe5 9. dxe5 Qxd1+ 10. Kxd1 c6 11. Ke2 Ne7 12. Bd2 Ng6 13. f4 Bc5 14. Rad1
O-O 15. h4 Rad8 16. h5 Ne7 17. g4 Rd7 1/2-1/2

[Event "Tournoi francophone 020A"]
[Site "Skype"]
[Date "????.??.??"]
[Round "4.1"]
[White "Deville, Olivier"]
[Black "Khabou, Taha"]
[Result "1/2-1/2"]
[WhiteElo "1740"]
[BlackElo "1358"]
[PlyCount "41"]

1. Nf3 e6 2. c4 d5 3. e3 Nf6 4. Nc3 c5 5. cxd5 Nxd5 6. d4 Nc6 7. Be2 Be7 8. O-O
O-O 9. dxc5 Nxc3 10. bxc3 Bxc5 11. Qa4 Qa5 12. Qxa5 Nxa5 13. Rd1 b6 14. Bd2 Bb7
15. c4 Rfd8 16. Bxa5 bxa5 17. Rab1 Rxd1+ 18. Rxd1 Bb6 19. Ne5 Rc8 20. Rd7 Be4
21. Rd1 1/2-1/2

[Event "Tournoi francophone 020A"]
[Site "Skype"]
[Date "????.??.??"]
[Round "4.2"]
[White "Rochette, Mathieu"]
[Black "Leyton Calderon, Jairo Oswaldo"]
[Result "0-1"]
[WhiteElo "1626"]
[BlackElo "1541"]
[PlyCount "78"]

1. e4 c5 2. Nf3 g6 3. d4 cxd4 4. Nxd4 Bg7 5. Be3 Nc6 6. Bc4 Nf6 7. Nc3 Qa5 8.
f3 Qb4 9. Bb3 Nxe4 10. fxe4 Bxd4 11. Bxd4 Qxd4 12. Rf1 Qxd1+ 13. Rxd1 O-O 14.
Rd2 b6 15. Nb5 a6 16. Nc7 Rb8 17. Nd5 Kg7 18. Ne3 d6 19. Bd5 Ne5 20. Nc4 Nxc4
21. Bxc4 Be6 22. Bxe6 fxe6 23. g4 Rxf1+ 24. Kxf1 Rf8+ 25. Rf2 Rxf2+ 26. Kxf2
Kf6 27. Kf3 Ke5 28. Ke3 d5 29. exd5 exd5 30. c3 b5 31. b4 h6 32. h4 e6 33. h5
gxh5 34. gxh5 Kf5 35. Kd4 Kf4 36. a3 e5+ 37. Kxd5 e4 38. Kd4 e3 39. Kd3 Kf3 0-1

[Event "Tournoi francophone 020A"]
[Site "Skype"]
[Date "????.??.??"]
[Round "4.3"]
[White "Lambert, Pierre"]
[Black "Meyer, Eric"]
[Result "0-1"]
[WhiteElo "1651"]
[BlackElo "1699"]
[PlyCount "52"]

1. e4 c5 2. c3 d5 3. exd5 Qxd5 4. d4 Nf6 5. Nf3 Bg4 6. Be2 e6 7. Na3 Nc6 8. O-O
cxd4 9. Nb5 Rc8 10. Nbxd4 Nxd4 11. Nxd4 Bxe2 12. Qxe2 Be7 13. Rd1 a6 14. a4 O-O
15. h3 Rfd8 16. Bf4 Qc5 17. Qf3 e5 18. Nb3 Qb6 19. Bxe5 Qxb3 20. Rxd8+ Rxd8 21.
Bc7 Rd7 22. Ba5 b6 23. Qa8+ Rd8 24. Qb7 Rd1+ 25. Rxd1 Qxd1+ 26. Kh2 Qd6+ 0-1

[Event "Tournoi francophone 020A"]
[Site "Skype"]
[Date "????.??.??"]
[Round "4.4"]
[White "Jacquelin, Norbert"]
[Black "Rodier, Marc"]
[Result "1/2-1/2"]
[WhiteElo "1708"]
[BlackElo "1468"]
[PlyCount "56"]

1. b3 e5 2. Bb2 Nc6 3. c4 f5 4. e3 Nf6 5. Be2 d6 6. a3 a5 7. Nc3 Be7 8. Nd5 O-O
9. Nxe7+ Qxe7 10. d3 Bd7 11. Qc2 Rae8 12. h3 e4 13. d4 f4 14. d5 Ne5 15. O-O-O
fxe3 16. fxe3 Nd3+ 17. Bxd3 exd3 18. Qxd3 Qxe3+ 19. Qxe3 Rxe3 20. b4 axb4 21.
axb4 Ne4 22. Bd4 Rg3 23. Rh2 Nc3 24. Re1 Re8 25. Rxe8+ Bxe8 26. Kd2 Ne4+ 27.
Kc2 Ba4+ 28. Kb2 Rb3+ 1/2-1/2

[Event "Tournoi francophone 020A"]
[Site "Skype"]
[Date "????.??.??"]
[Round "5.2"]
[White "Rodier, Marc"]
[Black "Castillo, David"]
[Result "1/2-1/2"]
[WhiteElo "1468"]
[BlackElo "1449"]
[PlyCount "119"]

1. e4 c5 2. Nf3 Nc6 3. d4 cxd4 4. Nxd4 e6 5. c4 Nge7 6. Nb5 Ng6 7. Nd6+ Bxd6 8.
Qxd6 Qe7 9. Qxe7+ Ngxe7 10. Nc3 a6 11. Be3 O-O 12. Be2 Rd8 13. Rd1 d6 14. Bb6
Rd7 15. O-O Ng6 16. g3 Kf8 17. Rd2 f6 18. Rfd1 Ke7 19. f4 Nh8 20. c5 dxc5 21.
Bxc5+ Ke8 22. Bg4 Rxd2 23. Rxd2 g6 24. h3 Nf7 25. Na4 Bd7 26. Nb6 Rd8 27. Kf2
f5 28. Bf3 Bc8 29. Rxd8+ Kxd8 30. exf5 gxf5 31. g4 Nh6 32. Be2 Kc7 33. Nxc8
Kxc8 34. Kf3 Kd7 35. Ke3 Ne7 36. a4 Nd5+ 37. Kf3 Ng8 38. gxf5 exf5 39. a5 Ngf6
40. Bc4 Ke6 41. Bd4 Ne4 42. Be3 Nd6 43. Ba2 Nb5 44. b4 Nbc3 45. Bb3 Ne4 46. Bc4
Nef6 47. Bd4 Nh5 48. Be3 h6 49. Bd4 Nhxf4 50. Be3 Nxh3 51. Bxh6 Ke5 52. Bxd5
Kxd5 53. Kg2 Kc4 54. Kxh3 Kxb4 55. Bd2+ Kb5 56. Kg3 b6 57. axb6 Kxb6 58. Kf4 a5
59. Bxa5+ Kxa5 60. Kxf5 1/2-1/2

[Event "Tournoi francophone 020A"]
[Site "Skype"]
[Date "????.??.??"]
[Round "5.3"]
[White "Meyer, Eric"]
[Black "Jacquelin, Norbert"]
[Result "1-0"]
[WhiteElo "1699"]
[BlackElo "1708"]
[PlyCount "55"]

1. d4 Nf6 2. Nf3 d5 3. Bf4 e6 4. e3 c5 5. c3 Be7 6. Nbd2 Nc6 7. Bd3 a5 8. Ne5
Nxe5 9. dxe5 Nd7 10. Bg3 c4 11. Bc2 Nc5 12. O-O O-O 13. Qe2 b6 14. Rfd1 Ba6 15.
Nf3 Qc8 16. Nd4 Qb7 17. h3 Rad8 18. a4 Qc8 19. f4 f6 20. Bh4 Nb3 21. Qh5 g6 22.
Bxg6 hxg6 23. Qxg6+ Kh8 24. exf6 Rf7 25. Qxf7 Bf8 26. Qh5+ Kg8 27. Qg6+ Kh8 28.
f7 1-0

[Event "Tournoi francophone 020A"]
[Site "Skype"]
[Date "????.??.??"]
[Round "5.4"]
[White "Leyton Calderon, Jairo Oswaldo"]
[Black "Lambert, Pierre"]
[Result "1/2-1/2"]
[WhiteElo "1541"]
[BlackElo "1651"]
[PlyCount "122"]

1. e4 c5 2. Nc3 Nc6 3. f4 d6 4. Nf3 e6 5. Bb5 Bd7 6. O-O a6 7. Be2 Nf6 8. d3
Be7 9. e5 dxe5 10. Nxe5 O-O 11. Be3 Nd4 12. Ne4 Nxe2+ 13. Qxe2 Nxe4 14. Nxd7
Qxd7 15. dxe4 Qc6 16. Bf2 Rad8 17. Rad1 Rxd1 18. Rxd1 Rd8 19. Rxd8+ Bxd8 20.
Qd3 Bb6 21. b3 Bc7 22. a4 Kf8 23. Be3 Ke8 24. Kf1 Bb6 25. c4 Qd7 26. Ke2 Qxd3+
27. Kxd3 Kd7 28. g4 Kc6 29. h3 Bd8 30. Bf2 b5 31. axb5+ axb5 32. f5 g6 33. Ke3
bxc4 34. bxc4 Bf6 35. Kf4 g5+ 36. Kf3 Bd4 37. Bg3 Kb6 38. Be1 h6 39. Bd2 Be5
40. Kg2 Kc6 41. h4 Bf6 42. e5 Bxe5 43. hxg5 hxg5 44. Bxg5 exf5 45. gxf5 Bc3 46.
Kf3 Kb6 47. Be7 Bd4 48. Ke4 Ka5 49. Kd5 Kb4 50. Bh4 Bg1 51. Be1+ Kb3 52. Ba5
Ka4 53. Be1 Be3 54. Ke4 Bd4 55. Kd3 Kb3 56. Bd2 Ka4 57. Be1 Kb3 58. Ba5 Bg7 59.
Bd2 Bd4 60. Bf4 Bg1 61. Be5 Bf2 1/2-1/2

[Event "Tournoi francophone 020A"]
[Site "Skype"]
[Date "????.??.??"]
[Round "5.5"]
[White "Khabou, Taha"]
[Black "Rochette, Mathieu"]
[Result "1/2-1/2"]
[WhiteElo "1358"]
[BlackElo "1626"]
[PlyCount "49"]

1. d4 Nf6 2. Bf4 g6 3. e3 Bg7 4. h3 O-O 5. Nf3 d6 6. Bd3 Nbd7 7. c3 Re8 8. Bc2
c5 9. O-O cxd4 10. exd4 Nd5 11. Bg3 b5 12. Re1 Bb7 13. Nbd2 Qb6 14. a3 Rac8 15.
Nf1 a5 16. Ne3 b4 17. axb4 axb4 18. Nxd5 Bxd5 19. Bb3 Bxb3 20. Qxb3 bxc3 21.
Qxb6 Nxb6 22. bxc3 Rxc3 23. Bxd6 Nd5 24. Ra7 Bf6 25. Be5 1/2-1/2

[Event "Tournoi francophone 020A"]
[Site "Skype"]
[Date "????.??.??"]
[Round "6.1"]
[White "Deville, Olivier"]
[Black "Rochette, Mathieu"]
[Result "1-0"]
[WhiteElo "1740"]
[BlackElo "1626"]
[PlyCount "27"]

1. Nf3 Nf6 2. c4 c5 3. Nc3 d6 4. d4 cxd4 5. Nxd4 g6 6. e4 Bg7 7. Be2 Nbd7 8.
O-O O-O 9. Be3 Nc5 10. f3 a6 11. Qd2 e5 12. Nc2 Qe7 13. Rfd1 Rd8 14. Bxc5 1-0

[Event "Tournoi francophone 020A"]
[Site "Skype"]
[Date "????.??.??"]
[Round "6.2"]
[White "Lambert, Pierre"]
[Black "Khabou, Taha"]
[Result "1-0"]
[WhiteElo "1651"]
[BlackElo "1358"]
[PlyCount "61"]

1. e4 e6 2. d4 d5 3. Nc3 dxe4 4. Nxe4 Bd7 5. Nf3 Bc6 6. Bd3 Nd7 7. O-O Ngf6 8.
Neg5 h6 9. Nxe6 fxe6 10. Bg6+ Ke7 11. b3 Qb8 12. Re1 Kd8 13. c4 Bxf3 14. Qxf3
Bb4 15. Rxe6 Kc8 16. a3 Bf8 17. Qe2 c5 18. d5 Bd6 19. g3 Qc7 20. Bb2 b6 21. f4
Kb7 22. Be5 Nxe5 23. fxe5 Bxe5 24. Rxe5 Rad8 25. Re1 Kb8 26. Re7 Rd7 27. Qe5
Qxe5 28. R1xe5 Rhd8 29. Bf5 Rxe7 30. Rxe7 Ne8 31. Bg6 1-0

[Event "Tournoi francophone 020A"]
[Site "Skype"]
[Date "????.??.??"]
[Round "6.4"]
[White "Castillo, David"]
[Black "Meyer, Eric"]
[Result "0-1"]
[WhiteElo "1449"]
[BlackElo "1699"]
[PlyCount "108"]

1. c4 c5 2. e4 Nc6 3. Nf3 d6 4. Nc3 Bg4 5. Be2 Nf6 6. O-O g6 7. d4 Bxf3 8. Bxf3
Nxd4 9. Be3 Nxf3+ 10. Qxf3 Nd7 11. Rad1 Bg7 12. Bc1 O-O 13. Nd5 Nb6 14. b3 Nxd5
15. exd5 Qa5 16. a4 a6 17. Rfe1 Qc7 18. Re2 Rfe8 19. Rde1 Rab8 20. Qd3 Qd7 21.
Bg5 e5 22. f3 b5 23. axb5 axb5 24. Bd2 bxc4 25. bxc4 Qa4 26. Rc1 Rb3 27. Qc2
Reb8 28. Re3 f5 29. Kf1 Bf6 30. Re2 Qa3 31. Rce1 Rb2 32. Qc1 Qa2 33. Qc3 R8b3
34. Qa5 Ra3 35. Qxa3 Qxa3 36. Bc1 e4 37. Bxb2 Bxb2 38. fxe4 Qd3 39. exf5 Qxf5+
40. Kg1 Bd4+ 41. Kh1 Qd3 42. Re8+ Kg7 43. R8e7+ Kh6 44. R7e4 Bf2 45. h4 Bxe1
46. Rxe1 Qxc4 47. h5 Qxd5 48. hxg6 hxg6 49. Kg1 c4 50. Re3 Qd4 51. Kf2 d5 52.
Ke2 Qxe3+ 53. Kxe3 Kg5 54. Kd4 Kf4 0-1

[Event "Tournoi francophone 020A"]
[Site "Skype"]
[Date "????.??.??"]
[Round "7.1"]
[White "Rodier, Marc"]
[Black "Deville, Olivier"]
[Result "0-1"]
[WhiteElo "1468"]
[BlackElo "1740"]
[PlyCount "90"]

1. e4 g6 2. d4 Bg7 3. Nf3 d6 4. Bc4 c6 5. h3 d5 6. exd5 cxd5 7. Bd3 Nf6 8. O-O
O-O 9. c3 Bd7 10. Bf4 Nh5 11. Bh2 Bh6 12. Ne5 Nf4 13. Bxf4 Bxf4 14. Nxd7 Nxd7
15. Nd2 Nf6 16. Re1 e6 17. Nf3 Rc8 18. a4 Nh5 19. Nh2 Bb8 20. g3 Qd6 21. Qf3
Qb6 22. Qe2 Bd6 23. Kg2 Qc7 24. Nf1 Qe7 25. Rab1 Qg5 26. Qf3 Nf4+ 27. Kh2 Nxd3
28. Qxd3 h5 29. Qe3 Qe7 30. Kg2 a6 31. f4 Kg7 32. h4 b5 33. axb5 axb5 34. Ra1
b4 35. Rec1 Qb7 36. b3 bxc3 37. Rxc3 Rxc3 38. Qxc3 Rc8 39. Qb2 Qb4 40. Nd2 Qb5
41. Kf2 Qd3 42. Rc1 Rxc1 43. Qxc1 Qxd4+ 44. Kg2 Bc5 45. Qe1 Bb4 0-1

[Event "Tournoi francophone 020A"]
[Site "Skype"]
[Date "????.??.??"]
[Round "7.5"]
[White "Rochette, Mathieu"]
[Black "Lambert, Pierre"]
[Result "1-0"]
[WhiteElo "1626"]
[BlackElo "1651"]
[PlyCount "33"]

1. e4 e5 2. Nf3 Nc6 3. c3 Nf6 4. Bc4 d5 5. exd5 Nxd5 6. d4 e4 7. Qe2 Bf5 8. O-O
Be7 9. Ng5 Bxg5 10. Bxg5 Qxg5 11. Bxd5 O-O 12. Bxe4 Rfe8 13. Nd2 Rad8 14. Rfe1
Nxd4 15. cxd4 Rxd4 16. Nf3 Rdxe4 17. Qxe4 1-0